Správa daní a daňové konanie s komentárom /

Salvato in:
Dettagli Bibliografici
Autore principale: Vrabko, Marián (Autore)
Natura: Libro
Lingua:slovacco
Pubblicazione: Bratislava : Práca, 1994
Soggetti:
Tags: Aggiungi Tag
Nessun Tag, puoi essere il primo ad aggiungerne!!

MARC

LEADER 00000nam a22000003a 4500
001 stu31661
005 20150617225736.5
008 940707s1994----xo------------------slo-d
020 |a 80-7094-242-8 
040 |a STU  |b slo 
041 0 |a slo 
044 |a xo 
080 |a 336.2.02 
100 1 |a Vrabko, Marián  |4 aut 
245 1 |a Správa daní a daňové konanie s komentárom /  |c [aut.] Vrabko 
260 |a Bratislava :  |b Práca,  |c 1994 
300 |a 145 s 
650 7 |a dane  |2 stusub 
650 7 |a zákony  |2 stusub 
996 |b 284J012009  |c J*80777  |l JJSK  |s A  |a 24  |w stu31661_0001